000 00469nam a22001337a 4500
008 141107b xxu||||| |||| 00| 0 eng d
050 _aE185.97.D73 A2 1986
100 _aBurghardt, william Edward
_912504
245 _aW.E.B. Du Bois
_bthe suppression of the African Slave-Trade
_cWilliam Edward Burghardt
260 _aNew York
_bThe Library of America
_c1986
300 _a1334p. ;
_c21cm.
650 _aAfro-Americans
_xcollected works
_912505
942 _2lcc
_cMONOGRAPH
999 _c121204
_d121204